Les familles de langues #1 - Statistiques

Statistiques générales
  • Ce quiz a été pris 194 fois
  • Le résultat moyen est 8 sur 15
Statistiques - réponses
Hint Réponse % Correct
Allemand Germanique
86%
Italien Romane
86%
Breton Celtique
85%
Cantonais Chinoise
75%
Grec Hellénique
74%
Hindi Indo-aryenne
69%
Inuite Eskimo-aléoutes
66%
Russe Balto-slave
62%
Vietnamien Môn-khmer
53%
Lao Taï-kadaï
38%
Hongrois Ouralienne
37%
Turc Oghouzes
32%
Tamoul Tamizh–Kannada
26%
Bouriate Mongolique
23%
Tadjik Iranienne
19%
Aucun quiz correspondant
Distribution des résultats
% des personnes avec chaque résultat
Percentile par nombre de réponses
Votre historique - résultats
Vous n’avez pas pris ce quiz